000 01726nam a2200433 c 4500
999 _c62612
_d62612
003 BLK
005 20241204104817.0
008 180408b bul|||||r ||||||| ||bul||
010 _aKNG00066837000
020 _a978-954-9328-01-1
040 _aBLK
041 _aBUL
_cBUL
072 7 _2bullib
_aН85
_xДетска художествена литература Н
080 _aРуска литература
_b821.161.1
_x-93-91
_z821.161.1-93-91
080 _aИздания за деца и юноши. Книжки-картинки. Читанки. Вж и 372.4
_b087.5
_z087.5
139 _aРибарят и златната рибка
_bР 58
245 1 0 _aРибарят и златната рибка
_cадапт. по Александър Сергеевич Пушкин; худож. Стоян Кораков.
257 _aRUS
260 _bИна
_c2004
_fСофия : Образование и наука
300 _a16 с.
_bс цв. ил.
_c24 см
380 _aDX
490 _aПриказка с игри
_vБр. 6
_9205461
500 _aБез сведение за ориг. загл. - Адапт. изд.
653 _aприказки
653 _aадаптирани книги
653 _aкниги-игри
653 _aлитература за деца
653 _aдетска литература
659 _aН
700 _aПушкин, Александър Сергеевич
_d1799-1837
_9364559
700 1 _aКораков, Стоян
_eхудож.
_9249209
852 _aЦб 252414
856 4 _qpdf
856 4 _qpdf
942 _cKNG
_n0
_03
_s1
944 _aCR
_c19.07.2011
_lГрета Цуфелде
_k30537
944 _aED
_c22.01.2014
_lф /
999 _d62612